[Event "VIE-ch U11"]
[Site "Hanoi"]
[Date "2020.??.??"]
[Round "6"]
[White "Dam, Quoc Bao"]
[Black "Phi, Gia Minh"]
[Result "1-0"]
[WhiteElo "2331"]
[BlackElo "2330"]
[PlyCount "99"]
[EventDate "2020.10.22"]
[EventType "swiss"]
[EventRounds "7"]
[EventCountry "VIE"]
[SourceTitle "EXT 2022"]
[Source "ChessBase"]
[SourceDate "2021.10.06"]
[SourceVersion "1"]
[SourceVersionDate "2021.10.06"]
[SourceQuality "1"]

1. d4 d5 2. c4 e6 3. Nc3 Nf6 4. Bg5 Nbd7 5. e3 c6 6. c5 b6 7. b4 a5 8. a3 b5 9. f4 Be7 10. Nf3 Bb7 11. Bd3 0-0 12. Qc1 h6 13. Bh4 Nh7 14. Bxh7+ Kxh7 15. Bxe7 Qxe7 16. Qc2+ Kh8 17. 0-0 f5 18. Ra2 axb4 19. axb4 Rxa2 20. Qxa2 Ra8 21. Qb2 Kg8 22. Ra1 Qd8 23. Rxa8 Qxa8 24. Qa2 Qxa2 25. Nxa2 Nf6 26. Nc3 Nd7 27. Kf1 Kf8 28. Nd1 Ke7 29. Nf2 Bc8 30. Nd3 Nb8 31. Nfe5 Bd7 32. Ke2 Be8 33. Kd2 Kd8 34. h3 Kc7 35. g4 Nd7 36. Nxd7 Kxd7 37. Ne5+ Ke7 38. g5 g6 39. gxh6 Kf8 40. Nf3 Kg8 41. Ng5 Bd7 42. Ke2 Kh8 43. Kf3 Kg8 44. h4 Kh8 45. Kg3 Kg8 46. h5 gxh5 47. Kh4 Kh8 48. Kxh5 Be8+ 49. Kh4 Bd7 50. Nf3 1-0